书目信息 |
| 题名: |
原型批评的理论与方法
|
|
| 作者: | 叶舒宪 著 | |
| 分册: | ||
| 出版信息: | 西安 陕西师范大学出版总社 2018 |
|
| 页数: | 151页 | |
| 开本: | 24cm | |
| 丛书名: | ||
| 单 册: | ||
| 中图分类: | I106.7 | |
| 科图分类: | ||
| 主题词: | 神话--民间文学评论--世界 | |
| 电子资源: | ||
| ISBN: | 978-7-5613-9828-9 | |
| 000 | 00830nam0 2200229 450 | |
| 001 | 7235 | |
| 005 | 20180605112301.27 | |
| 010 | @a978-7-5613-9828-9@dCNY48.00 | |
| 100 | @a20180513d2018 em y0chiy50 ea | |
| 101 | 0 | @achi |
| 102 | @aCN@b610000 | |
| 105 | @ay z 000yy | |
| 200 | 1 | @a原型批评的理论与方法@9yuan xing pi ping de li lun yu fang fa@f叶舒宪著 |
| 210 | @a西安@c陕西师范大学出版总社@d2018 | |
| 215 | @a151页@d24cm | |
| 300 | @a中国文学人类学原创书系 | |
| 330 | @a本书从原型批评理论产生的文化背景,何为原型批评,理论渊源,理论体系,理论方法的应用,方法运用的实例--解读史诗《吉尔伽美什》,理论的特点与局限等方面全面综合探讨了原型批评的理论与方法。 | |
| 606 | 0 | @a神话@x民间文学评论@y世界 |
| 690 | @aI106.7@v5 | |
| 701 | 0 | @a叶舒宪@9ye shu xian@4著 |
| 801 | 0 | @aCN@b91MARC@c20180513 |
| 905 | @aMuseLib@dI106.7@e267 | |
| 原型批评的理论与方法/叶舒宪著.-西安:陕西师范大学出版总社,2018 |
| 151页;24cm |
| 中国文学人类学原创书系 |
| ISBN 978-7-5613-9828-9:CNY48.00 |
| 本书从原型批评理论产生的文化背景,何为原型批评,理论渊源,理论体系,理论方法的应用,方法运用的实例--解读史诗《吉尔伽美什》,理论的特点与局限等方面全面综合探讨了原型批评的理论与方法。 |
| ● |
| 相关链接 |
|
|
|
|
正题名:原型批评的理论与方法
索取号:I106.7/267
 
预约/预借
| 序号 | 登录号 | 条形码 | 馆藏地/架位号 | 状态 | 备注 |
| 1 | 1117005 | 211170052 | 第一样本阅览室/ [索取号:I106.7/267] | 在馆 | |
| 2 | 1117006 | 211170061 | 教育系资料室/ [索取号:I106.7/267] | 在馆 | |
| 3 | 1117007 | 211170070 | 教育系资料室/ [索取号:I106.7/267] | 在馆 | |
| 4 | 1117008 | 211170089 | 第二借阅区/ [索取号:I106.7/267] | 在馆 |